Statistics for Most Photographed Cities in Asia

Click here to take the quiz!

General Stats

  • This quiz has been taken 287 times
  • The average score is 7 of 10

Answer Stats

#City% Correct
5Tokyo
98%
3Beijing
95%
2Shanghai
91%
6Bangkok
86%
4Hong Kong
82%
1Istanbul
74%
8Dubai
70%
7Kyoto
39%
10Agra
38%
9Siem Reap
6%

Score Distribution

Percentile by Number Answered

Percent of People with Each Score

Your Score History

You have not taken this quiz